Nuevos caminos de la arquitectura alemana

Bibliographic Details
Main Author: Fellerstein, Gunther
Format: Section = Libro
Language:Undetermined
Spanish
Published: Barcelona Blume 1969
Subjects:
LEADER 00437nam a2200169Ia 4500
008 240829s9999 xx 000 0 und d
040 |a BIBLIOTECA-RUSB/ 720.9 F423 
041 |a spa 
082 |a 720.9 F423 
100 1 |a Fellerstein, Gunther 
245 1 0 |a Nuevos caminos de la arquitectura alemana 
260 |a Barcelona  |b Blume  |c 1969 
300 |a 126 p. :il. 
650 7 |a ARQUITECTURA-ALEMANIA 
942 |c BK  |2 ddc 
991 |a TEXTO 
999 |c 5054